| 000 | 01417nab a22002417a 4500 | ||
|---|---|---|---|
| 999 |
_c4937 _d4937 |
||
| 003 | OSt | ||
| 005 | 20230721120237.0 | ||
| 008 | 190604e xxu||||| |||| 00| 0 spa d | ||
| 040 | _cPJ | ||
| 100 |
_95694 _aRodríguez, Carlos Aníbal |
||
| 245 | 1 | 3 |
_aLa reglamentación de la ley 25.916 de residuos domiciliarios / _cCarlos Aníbal Rodríguez. |
| 260 |
_aCiudad Autónoma de Buenos Aires : _bThomson Reuters La Ley, _c2023. |
||
| 300 | _ap. 60-67 | ||
| 500 | _aCita Online: AR/DOC/126/2023. | ||
| 505 | _aSumario: I. La cuestión de los residuos.— II. El dec. 779/2022 del 25/11/2022 reglamenta por parte del Poder Ejecutivo Nacional la ley 25.916 de la Ley de Presupuestos Mínimos de Protección Ambiental de Gestión Integral de los Residuos Domiciliarios, ley 25.916, mediante el Anexo I de dicha norma (art. 1°).— III. Colofón. | ||
| 505 | _tSi te interesa el texto, comunicate: koha@justierradelfuego.gov.ar | ||
| 650 | 0 |
_92848 _aDERECHO AMBIENTAL |
|
| 650 | 0 |
_92849 _aPROTECCIÓN DEL MEDIO AMBIENTE |
|
| 650 | 0 |
_95536 _aRESIDUOS DOMICILIARIOS |
|
| 773 | 0 |
_02714 _93171 _dCiudad Autónoma de Buenos Aires : Thomson Reuters La Ley, 2014- _tRevista anales de legislación argentina. Nº 4 - Abril 2023. |
|
| 856 |
_yNormativa comentada: Decreto Reglamentario Nº 779/2022 _uhttps://www.justierradelfuego.gov.ar/wp-content/uploads/2023/07/DECRETO-779-2022-REGLAMENTARIO-LEY-25.916.pdf |
||
| 942 |
_2udc _cANA |
||